Managerial economics / (Record no. 4346)
[ view plain ]
| 000 -LEADER | |
|---|---|
| fixed length control field | 00726nac a22002051u 4500 |
| 010 ## - LIBRARY OF CONGRESS CONTROL NUMBER | |
| LC control number | 98024973 |
| 020 ## - INTERNATIONAL STANDARD BOOK NUMBER | |
| International Standard Book Number | 0256173451 |
| 082 00 - DEWEY DECIMAL CLASSIFICATION NUMBER | |
| Classification number | 338.5024658 |
| Item number | M454 |
| 090 ## - LOCALLY ASSIGNED LC-TYPE CALL NUMBER (OCLC); LOCAL CALL NUMBER (OCLC) | |
| -- | 4346 |
| -- | 4346 |
| 100 ## - MAIN ENTRY--PERSONAL NAME | |
| Personal name | Maurice, S. Charles. |
| 245 10 - TITLE STATEMENT | |
| Title | Managerial economics / |
| Statement of responsibility, etc | S. Charles Maurice, Christopher R. Thomas. |
| 250 ## - EDITION STATEMENT | |
| Edition statement | 6th ed. |
| 260 ## - PUBLICATION, DISTRIBUTION, ETC. (IMPRINT) | |
| Place of publication, distribution, etc | Boston : |
| Name of publisher, distributor, etc | Irwin/McGraw-Hill,1999 |
| Date of publication, distribution, etc | 1999. |
| 300 ## - PHYSICAL DESCRIPTION | |
| Extent | xix, 780 p. : |
| Other physical details | ill. (sopme col.) ; |
| Dimensions | 25 cm. |
| 500 ## - GENERAL NOTE | |
| General note | Includes index. |
| 650 #0 - SUBJECT ADDED ENTRY--TOPICAL TERM | |
| Topical term or geographic name as entry element | Managerial economics. |
| 700 1# - ADDED ENTRY--PERSONAL NAME | |
| Personal name | Thomas, Christopher R. |
| 942 ## - ADDED ENTRY ELEMENTS (KOHA) | |
| Item type | Book - Borrowing |
| Call number prefix | 338.5024658M454 |
| Withdrawn status | Item status | Damaged status | Not for loan | Home library | Current library | Shelving location | Date acquired | Source of acquisition | Total Checkouts | Full call number | Barcode | Date last seen | Koha item type |
|---|---|---|---|---|---|---|---|---|---|---|---|---|---|
| Central Library | Central Library | First floor | 04/09/2007 | Purchase | 338.5024658 MAU | 000000235 | 15/07/2025 | Book - Borrowing |